| 000 | 00791cam a22002415a 4500 | ||
|---|---|---|---|
| 001 | 18690826 | ||
| 005 | 20161213103856.0 | ||
| 008 | 150708t2015 gw a frb 001 0 eng d | ||
| 020 | _a9783319197814 | ||
| 040 |
_aDLC _beng _cDLC _dEG-ScBUE |
||
| 082 | 0 | 4 |
_222 _a617.643 _bTMD |
| 245 | 0 | 0 |
_aTMD and orthodontics : _ba clinical guide for the orthodontist / _ceditor Sanjivan Kandasamy ...[et al.] |
| 260 |
_aCham : _bSpringer, _cc.2015. |
||
| 300 |
_axiv, 148 p. : _bill. ; _c24 cm. |
||
| 500 | _aIndex : p. 143-148. | ||
| 504 | _aIncludes bibliographical references. | ||
| 650 | 7 |
_2BUEsh _941372 _aOrthodontics. |
|
| 650 | 7 |
_935786 _aTemporomandibular joint _xDiseases. _2BUEsh |
|
| 651 | _2BUEsh | ||
| 653 |
_bDDent _cDecember2016 |
||
| 700 | 1 |
_aKandasamy, Sanjivan, _eeditor. |
|
| 942 | _2ddc | ||
| 999 |
_c23549 _d23521 |
||